Catalog

Record Details

Catalog Search



Available copies

  • 1 of 1 copy available at LARL/NWRL Consortium. (Show)
  • 1 of 1 copy available at Northwest Regional Library.

Current holds

0 current holds with 1 total copy.

Show Only Available Copies
Location Call Number / Copy Notes Barcode Shelving Location Status Due Date
Warroad Public Library BOOK-ON-CD j JON (Text) 35500006390767 Main Available -

Record details

  • ISBN: 9781933431864
  • ISBN: 1933431865
  • Physical Description: 4 audio discs (approximately 5 hr.) : digital ; 4 ... Read More
  • Publisher: San Antonio, Texas : The Vision Forum, [2010]

Content descriptions

General Note:
Compact discs.
Duration: 5:00:00.
"Audio adventure"--Container.
Formatted Contents Note:
The Creature of Cape Cod, Parts I & II -- Journey ... Read More
Summary, etc.:
Jonathan and the Creation Response Team meet an ... Read More
Subject: Oceanography > Juvenile fiction.
Christian life > Juvenile fiction.
Creationism > Juvenile fiction.
Radio adaptations.
Radio plays.
Christian fiction.
Christian fiction.
Christian life.
Creationism.
Oceanography.
Radio adaptations.
Radio plays.
Genre: Radio adaptations.
Fiction.
Juvenile works.
Radio plays.
Radio adaptations.
LDR 03024cim a2200661 a 4500
001463662
003LARL_NWRL_CONSORTIUM
00520250521100651.0
008101204s2010 txunnnnj f n eng d
007sd fungnnmmnuu
040 . ‡aLKR ‡beng ‡cLKR ‡dTEF ‡dJP3 ‡dSGB ‡dOCLCF ‡dOCLCO ‡dOCLCQ ‡dIMD ‡dOCLCO ‡dOCL ‡dOCLCA ‡dGRR ‡dGRC ‡dOCLCO ‡dOCLCQ
019 . ‡a990650751
020 . ‡a9781933431864
020 . ‡a1933431865
035 . ‡a(OCoLC)689600245 ‡z(OCoLC)990650751
08204. ‡a791.44/75 ‡222
24500. ‡aJonathan Park. ‡pVolume VII, ‡pThe voyage beyond.
24630. ‡aVoyage beyond
260 . ‡aSan Antonio, Texas : ‡bThe Vision Forum, ‡c[2010]
300 . ‡a4 audio discs (approximately 5 hr.) : ‡bdigital ; ‡c4 3/4 in.
336 . ‡aspoken word ‡bspw ‡2rdacontent
337 . ‡aaudio ‡bs ‡2rdamedia
338 . ‡aaudio disc ‡bsd ‡2rdacarrier
4900 . ‡aJonathan Park ; ‡v7
500 . ‡aCompact discs.
500 . ‡aDuration: 5:00:00.
500 . ‡a"Audio adventure"--Container.
520 . ‡aJonathan and the Creation Response Team meet an eccentric philanthropist-explorer named Alexander DeMarcus. Mr. DeMarcus has a passion for marine life, exploring the ocean depths with an experimental submarine. The Creation Response Team is excited to join Mr. DeMarcus on his explorations beneath the sea, but soon realizes he has something even bigger in mind.
50500. ‡tThe Creature of Cape Cod, Parts I & II -- ‡tJourney to a thousand fathoms, Parts I & II -- ‡tRecesses of the deep, Parts I & II -- ‡tThe Race for space, Parts I & II -- ‡tPreparing for flight, Parts I & II -- ‡tPilgrimage of the Speedwell, Parts I & II.
650 0. ‡aOceanography ‡vJuvenile fiction.
650 0. ‡aChristian life ‡vJuvenile fiction. ‡0(LARL_NWRL_CONSORTIUM)164297
650 0. ‡aCreationism ‡vJuvenile fiction.
650 0. ‡aRadio adaptations. ‡0(LARL_NWRL_CONSORTIUM)29299
650 0. ‡aRadio plays. ‡0(LARL_NWRL_CONSORTIUM)29313
650 0. ‡aChristian fiction. ‡0(LARL_NWRL_CONSORTIUM)16668
650 7. ‡aChristian fiction. ‡2fast ‡0(LARL_NWRL_CONSORTIUM)16668
650 7. ‡aChristian life. ‡2fast ‡0(LARL_NWRL_CONSORTIUM)16671
650 7. ‡aCreationism. ‡2fast ‡0(LARL_NWRL_CONSORTIUM)17966
650 7. ‡aOceanography. ‡2fast ‡0(LARL_NWRL_CONSORTIUM)27115
650 7. ‡aRadio adaptations. ‡2fast ‡0(LARL_NWRL_CONSORTIUM)29299
650 7. ‡aRadio plays. ‡2fast ‡0(LARL_NWRL_CONSORTIUM)29313
655 7. ‡aRadio adaptations. ‡2fast ‡0(LARL_NWRL_CONSORTIUM)175755
655 7. ‡aFiction. ‡2fast
655 7. ‡aJuvenile works. ‡2fast
655 7. ‡aRadio plays. ‡2gsafd
655 7. ‡aRadio adaptations. ‡2lcgft ‡0(LARL_NWRL_CONSORTIUM)175755
7300 . ‡aJonathan Park (Radio program)
901 . ‡a463662 ‡bAUTOGEN ‡c463662 ‡tbiblio

Additional Resources